000 00561nam a2200169Ia 4500
008 180921t2018 xxu||||| |||| 00| 0 sin d
041 _asin
080 _a8-31
_bතොල්ස්
100 _aතොල්ස්තෝයි, ලියෝ
245 _aයුද්ධය හා සාමය - 2 වෙළුම
260 _bගොඩගේ
_aකොළඹ
_c2018
300 _aසෙ.මි.21, පි.681
700 _aසිරිල් සී. පෙරේරා
_eපරි.
942 _cBK
999 _c11941
_d11941
003 LK-CoDNM
040 _aLK-CoDNM
_dLK-CoDNM
_eLK-CoDNM